Statistics for All Countries in their Native Language

Click here to take the quiz!

General Stats

  • This quiz has been taken 126 times
  • The average score is 114 of 196

Answers on the Map

Answers color-coded by a green-red scale on the quiz's map according to % correct below.
 

Answer Stats

Answer% Correct
Canada
96%
United States
93%
México
92%
Cuba
89%
Deutschland
89%
Guatemala
89%
United Kingdom
89%
Argentina
88%
Australia
87%
Belize
87%
Brasil
87%
Chile
87%
Colombia
87%
Costa Rica
87%
Haïti
87%
El Salvador
87%
Honduras
87%
Nicaragua
87%
Panamá
87%
Perú
87%
Uruguay
87%
Bahamas
86%
Bolivia
86%
Ecuador
86%
France
86%
Jamaica
86%
Paraguay
86%
Venezuela
86%
España
85%
Guyana
85%
Italia
85%
Suriname
85%
Portugal
84%
Dominica
83%
Ireland
83%
New Zealand
83%
România
81%
ایران
80%
Trinidad and Tobago
80%
العراق
79%
St Kitts and Nevis
79%
St Lucia
79%
St Vincent and the Grenadines
79%
Niger
78%
South Africa
78%
Angola
77%
Antigua and Barbuda
77%
日本
77%
Indonesia
77%
Malaysia
77%
Nigeria
77%
Togo
77%
Bénin
76%
Österreich
76%
Lesotho
76%
Polska
76%
République du Congo
76%
پاکستان
75%
Barbados
75%
Eswatini
75%
Kiribati
75%
Madagaskar
75%
Malawi
75%
Mali
75%
Nederland
75%
Solomon Islands
75%
Tonga
75%
السودان
74%
Botswana
74%
Sénégal
74%
Fiji
74%
Ghana
74%
Kenya
74%
Tanzania
74%
Uganda
74%
Vanuatu
74%
ישראל
73%
Ísland
73%
Moldova
73%
Namibia
73%
Rwanda
73%
Tuvalu
73%
България
72%
Беларусь
72%
Marshall Islands
72%
Mauritius
72%
Palau
72%
Samoa
72%
Seychelles
72%
Zambia
72%
Burundi
71%
Gabon
71%
Grenada
71%
Micronesia
71%
Papua New Guinea
71%
Sierra Leone
71%
Zimbabwe
71%
دولة قطر
70%
تونس
69%
Andorra
69%
नेपाल
69%
Hrvatska
69%
ليبيا
68%
Côte d'Ivoire
68%
Danmark
68%
Türkiye
68%
Liberia
68%
台湾
67%
Burkina Faso
67%
Cabo Verde
67%
Gambia
67%
Norge
67%
Singapore
67%
Suomi
67%
Sverige
65%
البحرين
64%
België
64%
Malta
64%
San Marino
64%
Ελλάδα
62%
Liechtenstein
62%
São Tomé e Príncipe
62%
South Sudan
62%
Schweiz
61%
Việt Nam
61%
Monaco
61%
República Dominicana
61%
Eesti
60%
Монгол
59%
မြန်မာနိုင်ငံသား
58%
Россия
57%
Україна
55%
Brunei
53%
Slovenija
53%
Türkmenistan
51%
Slovensko
51%
Timor-Leste
51%
Србија
49%
Città del Vaticano
49%
Kosova
49%
Magyarország
47%
Česko
46%
Latvija
45%
Crna Gora
41%
Lietuva
41%
Bosna i Hercegovina
40%
Shqipëria
39%
Guinée
38%
Северна Македонија
37%
مصر
37%
中国
36%
Қазақстан
36%
Lëtzebuerg
34%
Cameroun
33%
Հայաստան
31%
भारत
30%
Moçambique
30%
Κύπρος
26%
République Démocratique du Congo
26%
ប្រទេសកម្ពុជា
25%
საქართველო
24%
Pilipinas
21%
Azərbaycan
20%
Guinea Ecuatorial
19%
سوريا
18%
الجزائر
17%
جيبوتي
17%
O'zbekiston
17%
Guiné-Bissau
17%
المغرب
16%
République centrafricaine
16%
Soomaaliya
14%
لبنان
13%
اليمن
12%
Komori
12%
འབྲུག་ཡུལ་
11%
ދިވެހިރާއްޖެ
11%
الكويت
9%
افغانستان
9%
ኢትዮጵያ
8%
Naoero
8%
تشاد
7%
ລາວ
6%
Кыргызстан
6%
المملكة العربية السعودية
5%
موريتانيا
5%
বাংলাদেশ
5%
대한민국
5%
북한
5%
سلطنة عمان
4%
الأردن
4%
الإمارات العربية المتحدة
4%
Тоҷикистон
4%
ኤርትራ
3%
ශ්රී ලංකාව
3%
ประเทศไทย
3%

Score Distribution

Percentile by Number Answered

Percent of People with Each Score

Your Score History

You have not taken this quiz